000 01029cam a2200325 a 4500
001 1966624
003 US-DLC
005 20171206074350.0
008 881212s1991 xr a b 001 0 eng
010 _a 88036999
020 _a8020002529 (Prague)
020 _a013033085X (London)
040 _aDLC
_cDLC
_dDLC
041 1 _aeng
_hcze
050 0 0 _aTJ213
_b.K79813 1991
082 0 0 _a629.8
_219
100 1 _aKučera, Vladimír,
_d1943-
245 1 0 _aAnalysis and design of discrete linear control systems /
_cVladimír Kučera.
260 _aPrague :
_bAcademia,
_cc1991.
300 _aviii, 472 p. :
_bill. ;
_c25 cm.
500 _aTranslated from the Czech.
500 _a"Co-published with Prentice Hall International, London"--T.p. verso.
500 _aIncludes indexes.
650 0 _aLinear control systems.
650 0 _aControl theory.
650 0 _aDiscrete-time systems.
906 _a7
_bcbc
_corignew
_d1
_eocip
_f19
_gy-gencatlg
942 _2ddc
_cBK
999 _c38787
_d38787